000
nam a22 7a 4500
999
_c
53050
_d
53050
003
OSt
005
20220714113541.0
008
220714b xxu||||| |||| 00| 0 eng d
040
_c
IIMT UNIVERSITY MEERUT
100
_a
KAPOOR & KUSHWAHA
245
_a
MECHANICS OF SOLIDS-22nd
260
_b
BHARAT BHARTI
300
_a
409
942
_2
ddc
_c
09